Španělština 1
Guardado en:
| Autor principal: | |
|---|---|
| Autor Corporativo: | |
| Otros Autores: | , |
| Formato: | Libro |
| Lenguaje: | checo |
| Publicado: |
Praha
Státní pedagogické nakladatelství
1991
|
| Edición: | 4. vydání |
| Etiquetas: |
Sin Etiquetas, Sea el primero en etiquetar este registro!
|
MARC
| LEADER | 00000nam a2200000 4500 | ||
|---|---|---|---|
| 001 | c032207 | ||
| 005 | 20221214095011.6 | ||
| 041 | 0 | |a cze | |
| 044 | |a CZ | ||
| 245 | 1 | 0 | |a Španělština 1 |c Vladimír Rejzek, Vlasta Hlavičková, Eva Špinková |
| 250 | |a 4. vydání | ||
| 264 | 1 | |a Praha |b Státní pedagogické nakladatelství |c 1991 | |
| 300 | |a 330 s. | ||
| 100 | 1 | |a Rejzek, Vladimír | |
| 700 | 1 | |a Hlavičková, Vlasta | |
| 700 | 1 | |a Špinková, Eva | |
| 710 | 2 | |a Vysoká škola ekonomická v Praze. Obchodní fakulta | |